0.5 Gy gamma radiation suppresses production of TNF-alpha through up-regulation of MKP-1 in mouse macrophage RAW264.7 cells /

Đã lưu trong:
書目詳細資料
其他作者: Homma, Takujiro., Kojima, Shuji., Mutou, Yasuko., Tsukimoto, Mitsutoshi.
格式: Bài viết
語言:English
主題:
標簽: 添加標簽
沒有標簽, 成為第一個標記此記錄!
Thư viện lưu trữ: Thư viện Trường Đại học Đà Lạt
LEADER 01030nam a2200325 4500
001 DLU110117699
005 ##20101221
040 # # |a DLU  |b eng 
041 # # |a eng 
044 # # |a us 
245 # # |a 0.5 Gy gamma radiation suppresses production of TNF-alpha through up-regulation of MKP-1 in mouse macrophage RAW264.7 cells /  |c Mitsutoshi Tsukimoto ... [et al.]. 
653 # # |a Activated protein-kinase 
653 # # |a Glutathione  
653 # # |a Ionizing radiation  
653 # # |a Proliferation  
653 # # |a Ray irradiation  
700 # # |a Homma, Takujiro. 
700 # # |a Kojima, Shuji.  
700 # # |a Mutou, Yasuko. 
700 # # |a Tsukimoto, Mitsutoshi. 
773 # # |t Radiation Research  |g Vol. 171, no. 2 (February 2009), p. 219-224  
920 # # |a  Phòng Tạp chí -- Trung tâm Thông tin - Thư viện Trường Đại học Đà Lạt 
994 # # |a DLU 
900 # # |a True 
911 # # |a Trương Bảo Trâm Anh 
925 # # |a G 
926 # # |a A 
927 # # |a BB 
980 # # |a Thư viện Trường Đại học Đà Lạt